Brief Principles of Macroeconomics (Record no. 16842)
[ view plain ]
| 000 -LEADER | |
|---|---|
| fixed length control field | 00353nam a22001337a 4500 |
| 008 - FIXED-LENGTH DATA ELEMENTS--GENERAL INFORMATION | |
| fixed length control field | 180621b xxu||||| |||| 00| 0 eng d |
| 020 ## - INTERNATIONAL STANDARD BOOK NUMBER | |
| International Standard Book Number | 0324376596 |
| 100 ## - MAIN ENTRY--PERSONAL NAME | |
| Personal name | Mankiw, Gregory |
| 245 ## - TITLE STATEMENT | |
| Title | Brief Principles of Macroeconomics |
| Statement of responsibility, etc. | Gregory Mankiw |
| 250 ## - EDITION STATEMENT | |
| Edition statement | 4th ed |
| 260 ## - PUBLICATION, DISTRIBUTION, ETC. (IMPRINT) | |
| Place of publication, distribution, etc. | Australia |
| Name of publisher, distributor, etc. | Thomson |
| Date of publication, distribution, etc. | 2007 |
| 300 ## - PHYSICAL DESCRIPTION | |
| Extent | xxxi, 469p. |
| 942 ## - ADDED ENTRY ELEMENTS (KOHA) | |
| Source of classification or shelving scheme | Library of Congress Classification |
| Koha item type | General Collection |
| Withdrawn status | Lost status | Source of classification or shelving scheme | Not for loan | Home library | Current library | Date acquired | Cost, normal purchase price | Total Checkouts | Full call number | Barcode | Date last seen | Date last checked out | Copy number | Price effective from | Koha item type |
|---|---|---|---|---|---|---|---|---|---|---|---|---|---|---|---|
| Library of Congress Classification | Kabarak, Main Campus | Kabarak, Main Campus | 21/06/2018 | 3995.00 | 3 | HB172.5 .M36 2007 c. 1 | 025251 | 02/08/2024 | 11/03/2020 | c. 1 | 21/06/2018 | General Collection | |||
| Library of Congress Classification | Kabarak, Main Campus | Kabarak, Main Campus | 21/06/2018 | 3995.00 | 3 | HB172.5 .M36 2007 c. 2 | 025250 | 02/08/2024 | 23/01/2021 | c. 2 | 21/06/2018 | General Collection | |||
| Library of Congress Classification | Kabarak, Main Campus | Kabarak, Main Campus | 07/08/2018 | 3995.00 | 7 | HB172.5 .M36 2007 c. 3 | 024767 | 02/08/2024 | 09/03/2021 | c. 3 | 07/08/2018 | General Collection | |||
| Library of Congress Classification | Kabarak, Nakuru City Campus | Kabarak, Nakuru City Campus | 07/08/2018 | 3995.00 | 1 | HB172.5 .M36 2007 c. 1 | 024768 | 30/09/2022 | 26/09/2022 | c. 1 | 07/08/2018 | General Collection | |||
| Library of Congress Classification | Kabarak, Nakuru City Campus | Kabarak, Nakuru City Campus | 07/08/2018 | 3995.00 | HB172.5 .M36 2007 c. 2 | 024769 | 07/08/2018 | c. 2 | 07/08/2018 | General Collection |